[Event "Sydney NSW op"]
[Site "Sydney"]
[Date "2019.06.08"]
[Round "2"]
[White "Plunkett, Jeremy"]
[Black "Wagdy, Andro"]
[Result "0-1"]
[WhiteElo "1882"]
[BlackElo "2282"]
[PlyCount "76"]
[EventDate "2019.06.08"]
[EventType "swiss"]
[EventRounds "7"]
[EventCountry "AUS"]
[SourceTitle "CBM 190 Extra"]
[Source "ChessBase"]
[SourceDate "2019.07.15"]
[SourceVersion "1"]
[SourceVersionDate "2019.07.15"]
[SourceQuality "1"]

1. Nc3 Nf6 2. g4 Nxg4 3. e4 d6 4. h3 Nf6 5. d4 Nbd7 6. Nf3 e5 7. Bc4 exd4 8. Qxd4 Nb6 9. Bb3 c5 10. Qd3 Qc7 11. Bd5 Nbxd5 12. exd5 Bd7 13. Bf4 0-0-0 14. 0-0-0 Nh5 15. Bh2 g6 16. Nd2 Bh6 17. Kb1 Bf5 18. Qb5 a6 19. Qa4 Bxd2 20. Rxd2 Rhe8 21. b4 Qb6 22. a3 Nf6 23. Ka2 Ne4 24. Nxe4 Rxe4 25. f3 Rc4 26. Rb1 cxb4 27. Bg1 Qc7 28. Rxb4 Rxc2+ 29. Rxc2 Bxc2 30. Bb6 Bxa4 31. Bxc7 Kxc7 32. Rxa4 Re8 33. Rc4+ Kd7 34. Rb4 Kc7 35. Rc4+ Kb8 36. Rf4 f5 37. Kb3 Re3+ 38. Kb4 Rd3 0-1